Se questo è un uomo (Record no. 92653)

MARC details
000 -LEADER
campo de control de longitud fija 00711nam a2200229 i 4500
001 - NÚMERO DE CONTROL
campo de control 92653
003 - IDENTIFICADOR DE NÚMERO DE CONTROL
campo de control ES-MaACL
005 - FECHA Y HORA DE LA ÚLTIMA TRANSACCIÓN
campo de control 20250508062957.0
007 - CAMPO FIJO DE DESCRIPCIÓN FÍSICA--INFORMACIÓN GENERAL
campo de control de longitud fija t|
008 - DATOS DE LONGITUD FIJA--INFORMACIÓN GENERAL
campo de control de longitud fija 050413s1976 it ||||1| ita d
020 ## - NÚMERO INTERNACIONAL ESTÁNDAR DEL LIBRO
Número Internacional Estándar del Libro 88-06-03541-X
080 ## - NÚMERO DE LA CLASIFICACIÓN DECIMAL UNIVERSAL
Número de la Clasificación Decimal Universal 821.131.1-94"19"
080 ## - NÚMERO DE LA CLASIFICACIÓN DECIMAL UNIVERSAL
Número de la Clasificación Decimal Universal 929 Levi, Primo
100 1# - ENTRADA PRINCIPAL--NOMBRE DE PERSONA
Nombre de persona Levi, Primo,
Fechas asociadas al nombre 1919-1987
9 (RLIN) 240200
245 10 - MENCIÓN DEL TÍTULO
Título Se questo è un uomo
Resto del título : presentazione e note a cura dell'autore /
Mención de responsabilidad, etc. Primo Levi.
260 ## - PUBLICACIÓN, DISTRIBUCIÓN, ETC.
Lugar de publicación, distribución, etc. Torino :
Nombre del editor, distribuidor, etc. Giulio Einaudi,
Fecha de publicación, distribución, etc. [1976]
300 ## - DESCRIPCIÓN FÍSICA
Extensión 263 p. ;
Dimensiones 18 cm.
490 1# - MENCIÓN DE SERIE
Mención de serie Letture per la scuola media ;
Designación de volumen o secuencia 24
830 0# - PUNTO DE ACCESO ADICIONAL DE SERIE-TÍTULO UNIFORME
Título uniforme Letture per la scuola media ;
Designación de volumen o secuencia 24
9 (RLIN) 184261
852 ## - LOCALIZACIÓN
Ubicación ES-MaACL
Número de control de estantería E-10942
Sublocalización o colección R.135802
Holdings
Estatus retirado Estado de pérdida Estado de daño No para préstamo Biblioteca de origen Biblioteca actual Ubicación en estantería Fecha de adquisición Fuente de adquisición Total de préstamos Signatura topográfica completa Código de barras Visto por última vez Precio de reemplazo Tipo de ítem Koha
        Biblioteca del Ateneo de Madrid Biblioteca del Ateneo de Madrid Depósito 2 17/01/2008     E-10942 1096727 23/02/2023 23/02/2023 Libro impreso